01242nam a2200277 a 450000100080000000500110000800800410001910000170006024500890007726001400016652003370030665000190064365000240066265000280068665000250071465300240073970000230076370000190078670000200080570000210082570000220084670000280086870000250089670000170092170000260093821643702024-05-21 2009 bl uuuu u00u1 u #d1 aBRAGA, E. L. aMapeamento de solos utilizando técnicas de geoprocessamento.h[electronic resource] aIn: SIMPÓSIO BRASILEIRO DE SENSORIAMENTO REMOTO, 14., 2009, Natal. Anais [...]. São José dos Campos: INPE, 2009. p. 3605-3611.c2009 aEste estudo teve por objetivo a elaboração preliminar do mapa de solos de uma área situada na mesorregião do Sul Cearense através da imagem Geocover Landsat, utilizando-se recursos do geoprocessamento para facilitar a identificação e mapeamento dos diferentes tipos de solos para obtenção de um mapa na escala de 1:100.000. aRemote sensing aSoil classification aClassificação do Solo aSensoriamento Remoto aSistemas ambientais1 aLEITE, F. de A. B.1 aMOTA, F. O. B.1 aLEITE, F. R. B.1 aCHAVES, L. C. G.1 aBARRETO, M. M. S.1 aOLIVEIRA NETO, M. B. de1 aBARRETO, R. N. da C.1 aCUNHA, S. F.1 aOLIVEIRA, S. B. P. de